<?xml version="1.0" encoding="UTF-8"?>
<marc:record xmlns:marc="http://www.loc.gov/MARC21/slim">
   <marc:leader>00000nam a2200000 a 4500</marc:leader>
   <marc:datafield ind1="1" ind2=" " tag="100">
      <marc:subfield code="a">Sandel, Ari</marc:subfield>
   </marc:datafield>
   <marc:datafield ind1="1" ind2=" " tag="100">
      <marc:subfield code="a">Amell, Robbie</marc:subfield>
   </marc:datafield>
   <marc:datafield ind1="1" ind2=" " tag="100">
      <marc:subfield code="a">Whitman, Mae</marc:subfield>
   </marc:datafield>
   <marc:datafield ind1=" " ind2=" " tag="653">
      <marc:subfield code="a">Teenager</marc:subfield>
   </marc:datafield>
   <marc:datafield ind1=" " ind2=" " tag="653">
      <marc:subfield code="a">Komödie</marc:subfield>
   </marc:datafield>
   <marc:datafield ind1="0" ind2="0" tag="245">
      <marc:subfield code="a">DUFF - Hast du keine, bist du eine</marc:subfield>
   </marc:datafield>
   <marc:datafield ind1="0" ind2="0" tag="245">
      <marc:subfield code="c">Darsteller: Mae Whtiman, Robbie Amell, ... Regie: Ari Sandel</marc:subfield>
   </marc:datafield>
   <marc:datafield ind1=" " ind2="1" tag="264">
      <marc:subfield code="b">Twentieth Century Fox</marc:subfield>
      <marc:subfield code="c">2015</marc:subfield>
   </marc:datafield>
   <marc:datafield ind1="1" ind2=" " tag="520">
      <marc:subfield code="a">Seit ihrer Kindheit sind die Highschool-Schülerinnen Bianca, Jess und Casey ein Herz und eine Seele. Bis Mädchenschwarm Wesley Bianca gegenüber erwähnt, dass alle in ihr nur die &#x84;DUFF&#x93; sehen: das weniger attraktive Anhängsel ihrer Clique. Wütend stellt sie ihre Freundinnen zur Rede, die gar nicht so recht wissen, wie ihnen geschieht. Schließlich eskaliert der Streit und mündet in einer &#x84;Unfriend&#x93;-Aktion auf allen sozialen Netzwerken und Bianca sucht ausgerechnet bei Wesley Rat. Er soll ihr helfen, das unschöne Label loszuwerden. Gesagt, getan - wäre da nicht Wesleys zickige Ex Madison, die mit allen Mitteln versucht, Biancas Pläne zu sabotieren.</marc:subfield>
   </marc:datafield>
   <marc:datafield ind1=" " ind2=" " tag="020">
      <marc:subfield code="a">B00ZRKRKRE</marc:subfield>
      <marc:subfield code="9">B00ZRKRKRE</marc:subfield>
   </marc:datafield>
   <marc:datafield ind1="0" ind2=" " tag="490">
      <marc:subfield code="v">0</marc:subfield>
   </marc:datafield>
   <marc:datafield ind1=" " ind2=" " tag="300">
      <marc:subfield code="a">1 DVD (ca. 97 Min.)</marc:subfield>
   </marc:datafield>
</marc:record>
